000 00512nam a2200181Ia 4500
005 20250326141443.0
008 250326s9999 xx 000 0 und d
037 _aTextbook
040 _aFMSL
_beng
_cFMSL
041 _aeng
_2eng
084 _aX:9 N0
_qFMSL
100 _aAkhilesh K B
_9496698
245 0 _aPersonnel Profession in transition
_cAkhilesh K B; Sekar R
260 _aNew Delhi
_bNew Delhi, Wiley Eastern
_c1990
300 _a123p
942 _cTB
_hX:9 N0
999 _c1290389
_d1290389